Jean Paul Sartre II /
Nos encontramos con un Sartre muy cercano al final de su vida, pero aun manteniendo su compromiso y con un deseo irrefrenable por seguir avanzando en su obra inconclusa. Vemos a un Sartre que quiere seguir pensando, ahora junto a las generaciones jóvenes. A través de su voz y de su imagen vamos a po...
Guardado en:
| Autor Principal: | |
|---|---|
| Autor Corporativo: | |
| Formato: | |
| Publicado: |
Argentina,
2009
|
| Series: | Grandes Pensadores del Siglo XX
|
| Materias: | |
| Etiquetas: |
Agregar Etiqueta
Sin Etiquetas, Sea el primero en etiquetar este registro!
|
| LEADER | 01628ngm a22002535g 4500 | ||
|---|---|---|---|
| 001 | CEM.cems024060 | ||
| 008 | 130507s2009##################0###0#####d | ||
| 005 | 20250808143930.0 | ||
| 245 | 1 | 0 | |a Jean Paul Sartre II / |c Ricardo Forster. |
| 260 | |a Argentina, |c 2009 | ||
| 300 | |a 63'. | ||
| 490 | 0 | |a Grandes Pensadores del Siglo XX | |
| 500 | |a Consultar en ventanilla. | ||
| 538 | |a Soporte: DVD - Grabación DRD | ||
| 520 | |a Nos encontramos con un Sartre muy cercano al final de su vida, pero aun manteniendo su compromiso y con un deseo irrefrenable por seguir avanzando en su obra inconclusa. Vemos a un Sartre que quiere seguir pensando, ahora junto a las generaciones jóvenes. A través de su voz y de su imagen vamos a poder recorrer la historia caudalosa del siglo XX, donde Sartre, fue quizás, "el" intelectual. Fue la voz crítica, y fue parte de aquella conciencia que no tranzaba con el poder, y lo interrogaba a cada momento. Fue un dramaturgo, un filósofo, un pensador, pero también un actor activo en los tormentosos devenires de su siglo, que no solo convirtió su época en materia de erudición si no que puso su cuerpo en el corazón de su tiempo. Sartre es hoy metáfora intensa de la vida francesa, pero también es la historia, la complejidad, la intensidad, el drama y la tragedia del siglo XX. | ||
| 100 | 1 | |a Forster, Ricardo | |
| 710 | 2 | |a Canal Encuentro. | |
| 082 | 1 | 4 | |/ FOR |
| 653 | |a FILOSOFIA | ||
| 653 | |a PENSAMIENTO | ||
| 653 | |a EXISTENCIALISMO | ||
| 653 | |a EXISTENCIALISMO ATEO | ||
| 653 | |a SERIE DE TELEVISIÓN | ||
| 859 | |a CEMS |b BIB. CEMS - Depto. Recursos Didacticos |h 140 |i FOR |k DRD |p 2703.16 |t Ej.1 | ||
